|
|
|
|
| LEADER |
00000cam a2200000 a 4500 |
| 001 |
93439 |
| 005 |
20230308182127.0 |
| 008 |
000000|1966 ||||||||r|||||||||||spa|| |
| 040 |
|
|
|b spa
|
| 041 |
1 |
|
|a spa
|
| 082 |
0 |
|
|a 940.32
|
| 100 |
1 |
|
|a Potemkin, V. páginas:
|9 274058
|
| 245 |
|
|
|a Historia de la Diplomacia
|c V. P. Potemkin. Traducción del ruso por M. B. Dalmacio
|h imp
|
| 264 |
|
|
|a México
|b Grijalbo
|c 1966
|
| 300 |
|
|
|a 365 páginas:
|c 24 cm
|
| 504 |
|
|
|a incl. ref.
|
| 650 |
|
|
|a Diplomacia historia
|9 57207
|
| 650 |
|
|
|a Diplomacia del antiguo oriente
|9 97163
|
| 650 |
|
|
|a Diplomacia en grecia
|9 57209
|
| 650 |
|
|
|a Diplomacia en roma
|9 57210
|
| 650 |
|
|
|a Diplomacia en la edad media
|9 57211
|
| 650 |
|
|
|a Diplomacia edad moderna
|9 57212
|
| 650 |
|
|
|a Diplomacia en extremo oriente
|9 57213
|
| 852 |
|
|
|a UC-CDJBV
|c ESTANTERIA CERRADA
|f Donación
|k mariana.feican
|l 1
|m General
|p 00000000
|r 2
|t 93439
|b 0
|d CDRC
|e CDRC
|g 940.32 ESTANTERIA CERRADA
|z 0000-00-00
|
| 942 |
|
|
|c BK
|
| 999 |
|
|
|c 58730
|d 58730
|